01745nam a22002417a 4500003000500000005001700005008004100022020001800063050002400081245012100105260005400226300006000280440004800340504002100388520082900409650005401238650007401292650006401366700001701430700002101447700001701468700001801485SISC20170921124205.0170921b xxu||||| |||| 00| 0 eng d a9781107666948 aQA 76.9b.M384 2013 aMathematics higher level topic 10 - options :bdiscrete mathematics for the IB diploma /cPaul Fannon [and 3 others] aCambridge :bCambridge University Press, cc2013. aviii, 179 pages :billustrations (some color) ;c30 cm. aMathematics higher level for the IB diploma aIncludes index.  aFor students studying either the mathematics higher level course or further mathematics, this book covers all the material in the Discrete Mathematics option (option number 10) in print. This highly illustrated book is based on the new group 5 aims forms part of the completely new Mathematics for the IB Diploma series, Cambridge's comprehensive coverage of IB diploma mathematics for then 2012 SL and HL courses. Features include: a sections of mixed examination questions; plenty of worked examples; questions colour-coded according to grade; exam-style questions; feature boxes of hints and tips. Written to specifically cover the new IB Higher Level option in Discrete Mathematics, it is a fantastic guide to the material in this option, no matter which book is being used to cover the core material. (Source: WorldCat) 2Library of Congress Subject HeadingsaMathematics 2Library of Congress Subject Headings aComputer science xMathematics 2Library of Congress Subject HeadingsaDiscrete mathematics  aFannon, Paul aKadelburg, Vesna aWoolley, Ben aWard, Stephen